000 00451nam a22001697a 4500
005 20251108164737.0
008 250721s1965 xx 000 0 ara d
082 1 4 _a812.9624/محم
100 1 _aيس، محمد عثمان
245 1 0 _aباليه الشاعر /
264 1 _aالخرطوم :
_c1965.
300 _a115ص : مص
650 1 7 _aالمسرحيات العربية
650 1 7 _aالسودان
942 _2ddc
_cBK
999 _c13278
_d13278